00533nam a22001577a 450000500170000000800410001702000180005808200250007610000430010124500900014425000110023426000270024530000110027250000270028365000650031020231102151712.0140816b xxu||||| |||| 00| 0 eng d a968-18-1966-7 a331.2596 G643p 1989 aGonzález y Rueda, Porfirio Teodomiro aPrevisión y seguridad sociales del trabajo / Porfirio Teodomiro González y Rueda  a1a ed. aMéxicobLimusac1989 a527 p. aIncluye bibliografía a1. Sociología laboral. 2. Seguridad e higiene industrial.